000 01048nam a22002657a 4500
005 20240530110458.0
008 150618s2012 ua d g b 000 0 ara d
017 _a2011/10659
_bمصر . دار الكتب المصرية
020 _a9789776298392
040 _aEG-CaGPL
082 0 4 _221
_a658.312404\
_bم م
100 0 _aمدحت محمد ابو النصر
245 1 0 _aمراحل العملية التدريبية :
_bتخطيط و تنفيذ و تقويم البرامج التدريبية /
_cتاليف مدحت محمد ابو النصر
250 _aط1
260 _aالقاهرة :
_bالمجموعة العربية للتدريب و النشر ،
_c2012 .
300 _a222 ص :
_bايض ؛
_c24 سم
504 _aببليوجرافية : ص 207 - 222
650 0 4 _aالتدريب
650 0 4 _aالتدريب
_xتقييم
650 0 4 _aالتدريب
_xتخطيط
650 0 4 _aوسائل التدريب
650 0 4 _aالتدريب الادارى
942 _2ddc
_cBK
999 _c61415
_d61415